000
00219nam a2200085Ia 4500
245
0
_a
Kuyantwela emzansi
100
_a
KHANYILE, Ivy T. Cape Town, 2003
942
_c
BK
008
210817s9999 xx 000 0 und d
999
_c
294888
_d
294887